Meilleurs espoirs des 5 grands championnats depuis 2010 - Statistiques

Statistiques générales
  • Ce quiz a été pris 339 fois
  • Le résultat moyen est 21 sur 70
Statistiques - réponses
Championnat Saison Club Joueur % Correct
Ligue 1 2016-2017 PSG Kylian Mbappé
98%
Ligue 1 2017-2018 PSG Kylian Mbappé
98%
Ligue 1 2018-2019 PSG Kylian Mbappé
98%
Liga 2023-2024 FC Barcelone Lamine Yamal
78%
Ligue 1 2015-2016 Stade rennais Ousmane Dembélé
75%
Bundesliga 2016-2017 Borussia Dortmund Ousmane Dembélé
75%
Liga 2020-2021 FC Barcelone Pedri
74%
Liga 2021-2022 FC Barcelone Gavi
72%
Ligue 1 2023-2024 PSG Warren Zaïre-Emery
71%
Premier League 2014-2015 Tottenham Hotspur Harry Kane
66%
Premier League 2020-2021 Manchester City Phil Foden
66%
Premier League 2021-2022 Manchester City Phil Foden
66%
Premier League 2023-2024 Chelsea Cole Palmer
64%
Premier League 2022-2023 Arsenal Bukayo Saka
63%
Ligue 1 2014-2015 OL Nabil Fekir
57%
Liga 2022-2023 Real Madrid Vinicius Jr
52%
Ligue 1 2012-2013 SC Bastia Florian Thauvin
51%
Ligue 1 2022-2023 PSG Nuno Mendes
43%
Premier League 2019-2020 Liverpool Trent Alexander-Arnold
43%
Premier League 2013-2014 Chelsea Eden Hazard
42%
Premier League 2012-2013 Tottenham Hotspur Gareth Bale
41%
Liga 2011-2012 Málaga CF Isco
39%
Ligue 1 2011-2012 Montpellier Younès Belhanda
39%
Premier League 2018-2019 Manchester City Raheem Sterling
38%
Liga 2019-2020 FC Barcelone Ansu Fati
36%
Serie A 2015-2016 Juventus Paulo Dybala
36%
Serie A 2012-2013 Juventus Paul Pogba
36%
Serie A 2013-2014 Juventus Paul Pogba
36%
Premier League 2017-2018 Manchester City Leroy Sané
35%
Ligue 1 2020-2021 AS Monaco Aurélien Tchouaméni
34%
Premier League 2015-2016 Tottenham Hotspur Dele Alli
34%
Premier League 2016-2017 Tottenham Hotspur Dele Alli
34%
Ligue 1 2013-2014 PSG Marco Verratti
32%
Bundesliga 2010-2011 Borussia Dortmund Mario Götze
32%
Ligue 1 2021-2022 OM William Saliba
31%
Ligue 1 2010-2011 PSG Mamadou Sakho
25%
Serie A 2020-2021 Fiorentina Dušan Vlahović
21%
Serie A 2023-2024 Bologne Joshua Zirkzee
20%
Serie A 2021-2022 Naples Victor Osimhen
19%
Premier League 2010-2011 Arsenal Jack Wilshere
18%
Bundesliga 2012-2013 Schalke 04 Julian Draxler
18%
Serie A 2016-2017 AC Milan Gianluigi Donnarumma
16%
Premier League 2011-2012 Tottenham Hotspur Kyle Walker
12%
Serie A 2011-2012 AC Milan Stephan El Shaarawy
10%
Bundesliga 2023-2024 Bayer Leverkusen Victor Boniface
10%
Liga 2010-2011 Athletic Bilbao Iker Muniain
9%
Liga 2015-2016 RCD Espanyol Marco Asensio
8%
Bundesliga 2022-2023 Borussia Dortmund Karim Adeyemi
7%
Serie A 2022-2023 Juventus Nicolò Fagioli
7%
Bundesliga 2017-2018 Schalke 04 Amine Harit
6%
Liga 2012-2013 Real Sociedad Asier Illarramendi
6%
Bundesliga 2019-2020 Bayern Munich Alphonso Davies
4%
Bundesliga 2013-2014 Bayern Munich David Alaba
3%
Serie A 2019-2020 Parme Dejan Kulusevski
3%
Serie A 2018-2019 AS Rome Nicolò Zaniolo
3%
Serie A 2014-2015 Lazio Felipe Anderson
2%
Liga 2018-2019 SD Eibar Marc Cucurella
2%
Bundesliga 2011-2012 Borussia Dortmund Shinji Kagawa
2%
Bundesliga 2020-2021 VfB Stuttgart Silas
2%
Bundesliga 2014-2015 Bayer Leverkusen Hakan Calhanoglu
1%
Liga 2014-2015 Valencia CF José Gaya
1%
Bundesliga 2015-2016 Borussia Dortmund Julian Weigl
1%
Serie A 2010-2011 Bologne Gastón Ramírez
0%
Bundesliga 2021-2022 Eintracht Frankfurt Jesper Lindstrøm
0%
Serie A 2017-2018 AS Roma Justin Kluivert
0%
Serie A 2011-2012 Udinese Calcio Luis Muriel
0%
Bundesliga 2018-2019 VfB Stuttgart Ozan Kabak
0%
Liga 2017-2018 Villareal Pablo Fornals
0%
Liga 2013-2014 Celta Vigo Rafinha
0%
Liga 2016-2017 Málaga CF Sandro Ramirez
0%
Aucun quiz correspondant
Distribution des résultats
% des personnes avec chaque résultat
Percentile par nombre de réponses
Votre historique - résultats
Vous n’avez pas pris ce quiz